Countries by National Football (Soccer) Team Nickname - Statistics

General Stats
  • This quiz has been taken 77 times
    75 since last reset
  • The average score is 12 of 20
Answer Stats
Hint Answer % Correct
The Three Lions England
98%
Samurai Blues Japan
92%
Les Bleus France
91%
Azzuri Italy
89%
Die Mannschaft Germany
86%
The Stars and Stripes USA
83%
The Socceroos Australia
80%
Seleção Canarinho Brazil
77%
La Furia Roja Spain
72%
The Red Devils* Belgium
66%
La Albiceleste Argentina
61%
Seleção das Quinas Portugal
59%
The Canucks Canada
55%
The Black Stars Ghana
55%
The All Whites New Zealand
45%
Nati (Short for 'Nationalmannschaft') Switzerland
45%
Les Fennecs Algeria
34%
Los Ticos Costa Rica
34%
Team Melli Iran
11%
Vincy Heat St Vincent and the Grenadines
8%
No matching quizzes found
Score Distribution
Percent of People with Each Score
Percentile by Number Answered
Your Score History
You have not taken this quiz since the last reset